1893 1865 1562 1443 1444 1197 1809 1215 1687 1405 1116 1937 1648 1604 1986 1533 1491 1208 1076 1048 1085 1675 1776 1890 1500 1929 1221 1379 1247 1441 1294 1110 1371 1838 1971 1967 1131 1951 1532 1370 1134 1649 1163 1226 1010 1644 1641 1089 1073 1459 1813 1101 1067 1851 1892 1632 1520 1383 1308 1094 1276 1624 1492 1930 1641 1611 1814 1398 1763 1481 1469 1682 1393 1672 1674 1021 1505 1868 1359 1563 1185 1455 1885 1882 1101 1303 1475 1560 1050 1571 2000 1675 1237 1500 1339 1597 1237 1524 1905 BCNSPRNW ULIB Ver.6.0+V

เปลี่ยนเป็นภาษาไทย

Change to English
 แสดงรายละเอียดบรรณานุกรม
  กลับหน้าหลัก

Brief Record : Get Marc (ISO 2709) : E-mail record : QR code < ปิดหน้าต่าง
LEADER : 00000nam 2200000uu 4500
001    13399127315
003     ULIB
008    200415s2562||||th 000 0 tha d
020    ^a9786168212226
060 04 ^aWY160.5^bส663ห
100 0  ^aสายสมร พุ่มพิศ
245 10 ^aหนังสือคู่มือการพยาบาลโรคพาร์กินสัน =^bParkinson s disease nursinghandbook /^cสายสมร พุ่มพิศ, กมลวรรณ บุญเพ็ง, รุ่งโรจน์ พิทยศิริ
246 31 ^aParkinson s disease nursing handbook
250    ^aพิมพ์ครั้งที่ 2
260    ^aกรุงเทพฯ :^bศูนย์ความเป็นเลิศทางการแพทย์โรคพาร์กินสันและกลุ่มโรคความเคลื่อนไหวผิดปกติ โรงพยาบาลจุฬาลงกรณ์ สภากาชาดไทย,^c2562
300    ^a240 หน้า :^bภาพประกอบสี ;^c26 ซม.
650  4 ^aโรคพาร์กินสัน
700 0  ^aกมลวรรณ บุญเพ็ง
700 0  ^aรุ่งโรจน์ พิทยศิริ
710 2  ^aศูนย์ความเป็นเลิศทางการแพทย์โรคพาร์กินสันและกลุ่มโรคความเคลื่อนไหวผิดปกติ.^bโรงพยาบาลจุฬาลงกรณ์.^bสภากาชาดไทย
945    ^p359^l0^i006814
945    ^p359^l0^i006815
945    ^p359^l0^i006816
945    ^p359^l0^i006817
945    ^p359^l0^i006818
999    ^aประนอม เกษจรัล
รายการนี้ยังไม่มีแท็ก
คุณยังไม่ได้ล็อกอิน คุณสามารถมีกิจกรรมร่วมกับเว็บไซต์ได้ แต่ต้องล็อกอินก่อน ::
  ล็อกอิน

รายการสื่อสารสนเทศ

ลำดับที่ ประเภท เลขเรียก/บาร์โค้ด สถานที่ สถานะ
1. Book การพยาบาล
หนังสือสำรอง
สถานะ=หนังสือสำรอง
WY160.5 ส663ห ฉ.1 
  Barcode: 006814
ห้องสมุดวิทยาเขตสวรรค์ประชารักษ์
►หนังสือทั่วไป
บนชั้น
2. Book การพยาบาล
Book การพยาบาล
WY160.5 ส663ห ฉ.2 
  Barcode: 006815
ห้องสมุดวิทยาเขตสวรรค์ประชารักษ์
►หนังสือทั่วไป
บนชั้น
3. Book การพยาบาล
Book การพยาบาล
WY160.5 ส663ห ฉ.3 
  Barcode: 006816
ห้องสมุดวิทยาเขตสวรรค์ประชารักษ์
►หนังสือทั่วไป
บนชั้น
4. Book การพยาบาล
Book การพยาบาล
WY160.5 ส663ห ฉ.4 
  Barcode: 006817
ห้องสมุดวิทยาเขตสวรรค์ประชารักษ์
►หนังสือทั่วไป
บนชั้น
5. Book การพยาบาล
Book การพยาบาล
WY160.5 ส663ห ฉ.5 
  Barcode: 006818
ห้องสมุดวิทยาเขตสวรรค์ประชารักษ์
►หนังสือทั่วไป
บนชั้น

รายการใกล้เคียง
    ผู้แต่ง [สายสมร พุ่มพิศ]

    หัวเรื่อง [โรคพาร์กินสัน]

BibComment


ยังไม่เคยถูกคอมเมนท์

คอมเมนท์ทรัพยากรรายการนี้
  คอมเมนท์: หนังสือคู่มือการ..


 Copyright 2026. Bcnsprnw @Library